| 000 | 00798nam a2200193Ia 4500 | ||
|---|---|---|---|
| 003 | Ost | ||
| 005 | 20260507075804.0 | ||
| 008 | 260507s9999||||xx |||||||||||||| ||und|| | ||
| 040 | _cfsecg | ||
| 041 | _aara | ||
| 082 | _a658.8 | ||
| 100 |
_aسعيد هناء، عبد الحليم _eمؤلف |
||
| 245 | 0 |
_aإدارة التسويق (ك15) / _c عبد الحليم سعيد هناء |
|
| 260 |
_aالقاهرة: _bمطبعة مركز التعليم المفتوح, _c1993 |
||
| 300 |
_a330 صفحة؛ _bإيضاحات ؛ _c24 سم |
||
| 520 | _aالتسويق وادارة التسويق، نظام المعلومات التسويقية وبحوث التسويق، العملية التسويقية وتخطيط النشاط التسويقي، | ||
| 653 | _aالتسويق | ||
| 942 | _cكتاب | ||
| 999 |
_c46371 _d46371 |
||